Мировая экономика: Курс лекций; Ч. 1; Мировая экономика: структура, ресурсы, тенденции и проблемы

Detalles Bibliográficos
Otros Autores: Сутырин Сергей Феликсович (редактор)
Sumario:Исключено из фонда НТБ ТПУ
Lenguaje:ruso
Publicado: СПб., Сентябрь, 2001
Colección:Курс лекций
Formato: MixedMaterials Libro
KOHA link:https://koha.lib.tpu.ru/cgi-bin/koha/opac-detail.pl?biblionumber=31562

MARC

LEADER 00000nam0a2200000 4500
001 31562
005 20231030204520.0
010 |a 5942340056 
035 |a (RuTPU)RU\TPU\book\31840 
035 |a BOOK00000005 
090 |a 31562 
100 |a 20011209d2001 u y0rusy50 ca 
101 0 |a rus 
102 |a RU 
105 |a  f 000|y 
200 1 |a Мировая экономика  |e Курс лекций  |f Под ред. С. Ф. Сутырина  |h Ч. 1  |i Мировая экономика: структура, ресурсы, тенденции и проблемы 
210 |a СПб.  |c Сентябрь  |d 2001 
215 |a 95 с. 
225 1 |a Курс лекций 
320 |a Библиогр.: с. 86-88. 
333 |a Исключено из фонда НТБ ТПУ 
702 1 |a Сутырин  |g Сергей Феликсович  |4 340 
801 0 |a RU  |b 63413507  |c 20011209  |g PSBO 
801 2 |a RU  |b 63413507  |c 20120618  |g PSBO 
942 |c BK